Normal view
MARC view
Entry Personal Name
001 - CONTROL NUMBER
- control field: 30467
003 - CONTROL NUMBER IDENTIFIER
- control field: dpl
005 - DATE AND TIME OF LATEST TRANSACTION
- control field: 20110729112219.0
008 - FIXED-LENGTH DATA ELEMENTS
- fixed length control field: 110729|||a|||||| | ||| d
040 ## - CATALOGING SOURCE
- Original cataloging agency: dpl
- Transcribing agency: dpl
100 ## - HEADING--PERSONAL NAME
- Personal name: पण्ड्या, गौरीशंकर
670 ## - SOURCE DATA FOUND
- Source citation: Work cat.: (dpl)50645: पण्ड्या, गौरीशंकर, सागरों की खोज /, 2010
670 ## - SOURCE DATA FOUND
- Source citation: Work cat.: (dpl)50645: पण्ड्या, गौरीशंकर, सागरों की खोज /, 2010
